Machine learning /
Introduction; Concept learning and the general-to-specific ordering; Decision tree learning; Artificial neural networks; Evaluating hypotheses; Bayesian learning; Computational learning theory; Instance-based learning; Genetic algorithms; Learning sets of rules; Analytical learning; Combining induct...
Tallennettuna:
| Päätekijä: | |
|---|---|
| Aineistotyyppi: | Kirja |
| Kieli: | English |
| Julkaistu: |
New York :
McGraw-Hill,
1997.
|
| Aiheet: | |
| Tagit: |
Lisää tagi
Ei tageja, Lisää ensimmäinen tagi!
|
| Thư viện lưu trữ: | Mạng thư viện Đại học Đà Nẵng |
|---|
| LEADER | 01542cam a2200385 a 4500 | ||
|---|---|---|---|
| 001 | 000045402 | ||
| 003 | 4578 | ||
| 005 | 20061102111352.0 | ||
| 008 | 010220b1997 vm 000 eng | ||
| 020 | |a 0071154671 | ||
| 040 | |a LIRC |c LIRC |d LIRC | ||
| 041 | 0 | |a eng | |
| 082 | 1 | 4 | |a 006.31 |b MI-T |
| 100 | 1 | |a Mitchell, Tom M. |q (Tom Michael), |d 1951- | |
| 245 | 1 | 0 | |a Machine learning / |c Tom M. Mitchell. |
| 260 | |a New York : |b McGraw-Hill, |c 1997. | ||
| 300 | |a xvii, 414 p. : |b ill. ; |c 23 cm. | ||
| 500 | |a Includes bibliographical references and index. | ||
| 520 | 3 | |a Introduction; Concept learning and the general-to-specific ordering; Decision tree learning; Artificial neural networks; Evaluating hypotheses; Bayesian learning; Computational learning theory; Instance-based learning; Genetic algorithms; Learning sets of rules; Analytical learning; Combining inductive and analytical learning; Reinforcement learning. | |
| 630 | 0 | 4 | |a Computers. |
| 630 | 0 | 4 | |a Machine. |
| 650 | 0 | 4 | |a Machine learning. |
| 650 | 0 | 4 | |a Computer algorithms. |
| OWN | |a DUT | ||
| AVA | |a UDN50 |b DUT |c Book |d 006.31 MI-T |e available |t Error 5001 Not defined in file expand_doc_bib_avail. |f 1 |g 0 |h N |i 0 |j SH |k 1 | ||
| 999 | |a From the UDN01 | ||
| AVA | |a UDN50 |b DUT |c Book |d 006.31 MI-T |e available |t Error 5001 Not defined in file expand_doc_bib_avail. |f 1 |g 0 |h N |i 0 |j SH |k 1 | ||
| TYP | |a Monograph | ||
| TYP | |a Printed language | ||
| 980 | |a Mạng thư viện Đại học Đà Nẵng | ||


